00637 a2200169 450000500170000000800410001702000180005808200150007610000190009124500300011026000340014030000130017450000780018794200070026599900190027295201760029120250221110339.0240718b |||||||| |||| 00| 0 eng d a9781859469491 a720.22/HIN aHind C9207922 aArchitecture Drawing Book bRiba Publishingc2023aLondon a240pbHB aA brief History of Riba Collection Concepts Sketches Buildings in context cRF c359120d359120 00102ddc40718Book of B ArchaBNCAbBNCAd2024-07-18eThe Word Bookg3112.83iWORD/2024/CRB/519o720.22/HINpBNCA-BK-12690r2024-07-18 00:00:00v4941.00w2024-07-11yRF